What the Bible is all about. (Record no. 1245)

000 -LEADER
fixed length control field 00777nam a2200205 a 4500
001 - CONTROL NUMBER
control field :::00017395$00001063&:&@@
003 - CONTROL NUMBER IDENTIFIER
control field OkBaRHE
005 - DATE AND TIME OF LATEST TRANSACTION
control field 20100326151745.0
008 - FIXED-LENGTH DATA ELEMENTS--GENERAL INFORMATION
fixed length control field s1983 j 000 0 eng u
040 ## - CATALOGING SOURCE
Transcribing agency
100 1# - MAIN ENTRY--PERSONAL NAME
Personal name Mears, Henrietta Cornelia, 1890-
245 10 - TITLE STATEMENT
Title What the Bible is all about.
Statement of responsibility, etc Foreword by Billy Graham.
250 ## - EDITION STATEMENT
Edition statement Rev. and updated.
260 ## - PUBLICATION, DISTRIBUTION, ETC. (IMPRINT)
Place of publication, distribution, etc Ventura, CA., :
Name of publisher, distributor, etc Regal Books
Date of publication, distribution, etc c1983
300 ## - PHYSICAL DESCRIPTION
Extent 648 p., [6] p. of plates : maps ;
Dimensions 21 cm.
650 ## - SUBJECT ADDED ENTRY--TOPICAL TERM
Topical term or geographic name as entry element Bible
General subdivision Criticism, Interpretation, etc.
942 ## - ADDED ENTRY ELEMENTS (KOHA)
Source of classification or shelving scheme
Koha item type Books
Copies
Date acquired Withdrawn status Copy number Full call number Source of classification or shelving scheme Not for loan Shelving location Barcode Collection code Current Location Date last seen Damaged status Koha item type Lost status Price effective from Permanent Location
2010-04-14 1BS 511.2 .M42  General Stacks17395ReferenceRHEMA Bible Training College2018-02-27 BooksMissing2010-04-14RHEMA Bible Training College
2010-04-14 2BS 511.2 .M42  General Stacks17396ReferenceRHEMA Bible Training College2018-02-27 BooksMissing2010-04-14RHEMA Bible Training College